000 01265cam a2200289 4500
001 J4044
008 090401t1996 xxu||||| |||| 00| 0 eng d
020 _a1900491311
035 _a(Sirsi) u58035
041 _aeng
050 _a658.5620285
110 _aConstruct IT Centre of Excellence
_93566
245 _aConstruction site processes.
260 _aSalford
_bConstruct IT Centre of Excellence
_c1996
300 _a49p. ; 30cm.
350 _a30
490 _aBenchmarking Best Practice IT Reports
520 _aThe Construct IT Centre of Excellence is an industry-led initiative that has been set up to co-ordinate and promote research in IT in construction in the UK to improve competitive performance of the UK construction industry. Presents the results of a benchmarking study involving 11 construction companies looking into the use of IT in construction site processes, covering such aspects as health and safety, planning and conrol.
650 _aBENCHMARKING
650 _aCONSTRUCTION INDUSTRY
650 _aCONSTRUCTION SITES
650 _aMANAGEMENT-BUSINESS MANAGEMENT-INFORMATION MANAGEMENT
650 _aSITE MANAGEMENT
690 _aMANAGEMENT-BUSINESS MANAGEMENT-INFORMATION MANAGEMENT
942 _n0
948 _c04/03/1997
999 _c94013
_d94013